| 000 | 00445nam a22001697a 4500 | ||
|---|---|---|---|
| 003 | NUST - PNEC | ||
| 005 | 20170116181133.0 | ||
| 008 | 151006b xxu||||| |||| 00| 0 eng d | ||
| 040 | _cLIBRARY | ||
| 082 | _a610 DUB | ||
| 100 |
_914123 _a Dubos, René J. |
||
| 245 |
_aHealth and disease _cRené J. Dubos |
||
| 250 | _a2nd ed. | ||
| 260 | _cc1982 | ||
| 650 |
_914124 _aDiseases--Causes and theories of causation _xGeneral |
||
| 942 |
_2ddc _cBK |
||
| 999 |
_c70098 _d70098 |
||